书目信息 |
| 题名: |
化工容器及设备设计
|
|
| 作者: | 丁君果 主编 | |
| 分册: | ||
| 出版信息: | 杭州 浙江大学出版社 1996.07 |
|
| 页数: | 420页 | |
| 开本: | 16开 | |
| 丛书名: | ||
| 单 册: | ||
| 中图分类: | TQ050.2 | |
| 科图分类: | ||
| 主题词: | 化工机械 , 化工设备 | |
| 电子资源: | ||
| ISBN: | 7-308-01695-1 | |
| 000 | 00589nam0 2200205 45 | |
| 001 | 0010032020 | |
| 005 | 20001003200252.9 | |
| 010 | @a7-308-01695-1@d30.00元 | |
| 100 | @a20001003d1996 km y0chiy0120 ea | |
| 101 | 0 | @achi |
| 105 | @a z 000yy | |
| 200 | 1 | @a化工容器及设备设计@AHua Gong Rong Qi Ji She Bei She Ji@f丁君果主编@FDing Jun Guo Zhu Bian |
| 210 | @a杭州@c浙江大学出版社@d1996.07 | |
| 215 | @a420页@d16开 | |
| 606 | 0 | @a化工机械 |
| 606 | 0 | @a化工设备 |
| 690 | @aTQ050.2@v3 | |
| 701 | 0 | @a丁君果@4主编 |
| 801 | @aCN@bPftUser@c20001003 | |
| 905 | @b171462-466@dTQ050.2@eD276@f5 | |
| 化工容器及设备设计/丁君果主编.-杭州:浙江大学出版社,1996.07 |
| 420页;16开 |
| ISBN 7-308-01695-1:30.00元 |
| ● |
| 相关链接 |
|
|
|
正题名:化工容器及设备设计
索取号:TQ050.2/D276
 
预约/预借
| 序号 | 登录号 | 条形码 | 馆藏地/架位号 | 状态 | 备注 |
| 1 | 171462 | 201714626 | 自科库501/501自科库 138排3列5层/ [索取号:TQ050.2/D276] | 在馆 | |
| 2 | 171463 | 201714635 | 自科库501/501自科库 138排3列5层/ [索取号:TQ050.2/D276] | 在馆 | |
| 3 | 171464 | 201714644 | 期刊室512/501自科库 138排3列5层/ [索取号:TQ050.2/D276] | 在馆 | |
| 4 | 171466 | 201714662 | 材料与化工学院资料室/ [索取号:TQ050.2/D276] | 在馆 |